| 000 | 00443nam a2200181Ia 4500 | ||
|---|---|---|---|
| 001 | 3004 | ||
| 005 | 20260306144848.0 | ||
| 008 | 260306t2018||||xx |||||||||||||| ||spa|| | ||
| 041 | _aESP | ||
| 082 |
_a230 _bO63 |
||
| 100 |
_aOrdeig Corsini, Jorge _eAUT |
||
| 245 | 0 |
_aLa plenitud del amor: _blos mandamientos de Jesús |
|
| 260 | _c2018 | ||
| 300 |
_a219 páginas : _c19 cm. |
||
| 650 | _aGEN | ||
| 654 | _aCHU | ||
| 942 |
_cLIB _dJUS _fJUS _2ddc _n |
||
| 999 |
_c3004 _d3004 |
||